Análisis estratégico y propuesta de ruta de ventas en Comercial Mántica Farach
El presente estudió muestra un análisis del proceso de venta actual y una propuestas de rutas de ventas para la empresa comercial Mantica Farach, la cual se dedica a la comercialización y distribución de equipos de seguridad Industrial, Personal y Vial.
| Main Authors: | , |
|---|---|
| Other Authors: | |
| Format: | Tesis Section = Libro |
| Language: | Undetermined Spanish |
| Published: |
Managua
UNI
2016
|
| Subjects: |
| LEADER | 01160nam a2200277Ia 4500 | ||
|---|---|---|---|
| 008 | 240830s9999 xx 000 0 und d | ||
| 040 | |a BIBLIOTECA-RUPAP T.Mon 658.8101 O77 | ||
| 041 | |a spa | ||
| 082 | |a T.Mon 658.8101 O77 | ||
| 100 | 1 | |a Ortega Loaisiga, Antonieta de los Ángeles | |
| 100 | 1 | |b Rizo Carrión, Nielka Valeska | |
| 245 | 1 | 0 | |a Análisis estratégico y propuesta de ruta de ventas en Comercial Mántica Farach |
| 260 | |a Managua |b UNI |c 2016 | ||
| 300 | |a 113 p. :il. | ||
| 500 | |a Contiene: anexos e Incluye: CD. | ||
| 502 | |a Tesis (Ingeniero de Sistemas)- UNI, 2016. | ||
| 520 | 3 | |a El presente estudió muestra un análisis del proceso de venta actual y una propuestas de rutas de ventas para la empresa comercial Mantica Farach, la cual se dedica a la comercialización y distribución de equipos de seguridad Industrial, Personal y Vial. | |
| 650 | 7 | |a PROMOCIÓN DE VENTAS | |
| 650 | 7 | |b ESTRATEGIA ADMINISTRATIVA | |
| 650 | 7 | |c PROMOCIÓN DE VENTAS | |
| 650 | 7 | |d RUTAS DE VENTAS | |
| 650 | 7 | |e PLANIFICACIÓN EMPRESARIAL | |
| 700 | 1 | |a Tutor: |b Gómez Jaime, Dora Isabel | |
| 942 | |c BK |2 ddc | ||
| 991 | |a TESIS | ||
| 999 | |c 18742 | ||